| 000 | 00000nas##2200000za#4500 |
| 001 | 9.512344 |
| 003 | CaOODSP |
| 005 | 20200325120027 |
| 007 | ta |
| 008 | 150406c2011||||xxc|| p #||||f| |0eng|d |
| 022 | |a1927-291X |
| 040 | |aCaOODSP|beng |
| 041 | |aeng |
| 041 | |afre |
| 043 | |an-cn--- |
| 086 | 1 |aMR12-6 |
| 110 | 1 |aCanada.|bCanadian Institutes of Health Research. |bInstitute of Musculoskeletal Health and Arthritis. |
| 245 | 10|aShow me the evidence |
| 260 | |aOttawa - Ontario : |bCanadian Institutes of Health Research. |
| 310 | |aIrregular |
| 362 | 1 |aVol. 1, issue 1, Fall 2011 -- |
| 520 | 3 |aFocuses on telling stories about how and where health research evidence produced by CIHR-supported researchers is being used. |
| 563 | |aNewspaper |
| 776 | 0#|tShow me the evidence |w(CaOODSP)9.506772 |
| 792 | |tVoici les faits |efre|w(CaOODSP)9.512345 |